Proceedings of the American Mathematical Society
Αποθηκεύτηκε σε:
| Συγγραφή απο Οργανισμό/Αρχή: | |
|---|---|
| Μορφή: | Περιοδική έκδοση |
| Γλώσσα: | English |
| Δημοσίευση: |
Providence, R.I. :
American Mathematical Society,
1950-
|
| Θέματα: | |
| Ετικέτες: |
Προσθήκη ετικέτας
Δεν υπάρχουν, Καταχωρήστε ετικέτα πρώτοι!
|
MARC
| LEADER | 00000nas a2200000 i 4500 | ||
|---|---|---|---|
| 001 | 1/24082 | ||
| 008 | 011121c19509999nyu r d | eng|| | ||
| 022 | |a 00029939 | ||
| 035 | |l 10067793 | ||
| 040 | |a GR-MY-UA |b gre |e aacr | ||
| 041 | 0 | |a eng | |
| 082 | 0 | |a 510.5 | |
| 110 | 2 | |a American Mathematical Society. | |
| 245 | 1 | 0 | |a Proceedings of the American Mathematical Society |h [περιοδικό] / |c American Mathematical Society |
| 246 | 3 | 3 | |a American Mathematical Society, proceedings |
| 246 | 3 | 3 | |a AMS proceedings |
| 260 | |a Providence, R.I. : |b American Mathematical Society, |c 1950- | ||
| 300 | |a v. : |b ill. ; |c 24 cm. | ||
| 310 | |a Monthly, Jan. 1977- ; Bimonthly, 1950-1976 | ||
| 650 | 0 | 0 | |a Mathematics |x Periodicals. |
| 853 | |a INST |b SAMOS |c SER | ||
| 922 | |a 3ΕΛΗ |b 195001 |c ΚΕΝΤΡΙΚΗ ΒΙΒΛΙΟΘΗΚΗ |d SWETS | ||